000 00392nam a22001697a 4500
005 20160528123841.0
008 160528b xxu||||| |||| 00| 0 eng d
020 _a0-07-113561-8
041 _aeng
082 _b5810
100 _aStanton, Wilhiam J. and Others
_91457
245 _aFundamentals of Marketing
260 _bTMH
300 _a651
650 _aManagement
_9241
942 _cBK
999 _c2061
_d2060